Responses for Show #4325 - Friday, May 23, 2003

Contestants

[<< previous game]

Elayna Kotsaftis, a treasury associate from Natick, Massachusetts

Danny Jobe, a cable television system manager from Forest, Virginia

Andy Hejl, a graduate student from Pasadena, California (whose 2-day cash winnings total $35,200)

[next game >>]

Jeopardy! Round responses

BALLET
BORN ON THE 4th OF...
DRAWING A CROWD
PRESIDENTIAL NICKNAMES
BREAKFAST CEREALS
DOUBLE-"L" WORDS
    $200 26
Cinderella

Andy
    $200 21
*NSYNC

Elayna
    $200 6
Boston

Andy
    $200 1
Abraham Lincoln

Danny
    $200 9
(Andy: What are corn flakes?)
(Danny: What is Total?)

Special K

AndyDannyElayna
    $200 14
yellow

Elayna
    $400 27
The Nutcracker

Andy
    $400 22
[Lara Croft doll]

Angelina Jolie

Andy
    $400 7
mob

Andy
    $400 2
Benjamin Harrison

Andy
    $1,000 10
Count Chocula

Elayna
    $400 15
llamas

Elayna
    $600 28
(Andy: What is Rodeo?)

Billy the Kid

AndyDanny
    $600 23
Robert Downey, Jr.

Danny
    $600 8
bullfighting

Elayna
    $600 3
Andrew Jackson

Danny
    $600 11
(Note: Elayna was credited with $200 more on her score readout, which was corrected at the break.)

Toy Story

Elayna
    $600 16
(Danny: What is an element?)

constellations

Danny
Triple Stumper
    $800 29
Othello

Andy
    $800 24
Natalie Imbruglia

Triple Stumper
    $800 19
The Ohio State University

Andy
    $800 4
Chester A. Arthur

Andy
    $800 12
Cheerios

Danny
    $800 17
(Andy: What is Amarillo?)
(Elayna: [no response])

Brownsville

AndyElayna
Triple Stumper
    $1000 30
(Andy: What is "The Rites of Spring?")

The Rite of Spring

AndyDanny
    $1000 25
Damon Wayans

Andy
    $1000 20
Burning Man Festival

Danny
    $1000 5
(Elayna: Who is Teddy Roosevelt?)

Herbert Hoover

Elayna
Triple Stumper
    $1000 13
(Elayna: What are Froot Loops?)

Grape-Nuts

DannyElayna
    $1000 18
"Idylls of the King"

Andy

Scores at the first commercial break (after clue 15):

Andy Danny Elayna
$1,600 $2,400 $1,000

Scores at the end of the Jeopardy! Round:

Andy Danny Elayna
$3,800 $5,000 $400

Double Jeopardy! Round responses

CREATIVE WRITERS
(Alex: You have to identify the writer who created the character we will give you.)
SCIENCE LAB
ORGANIZATIONS
PARDON MY FRENCHMAN
"MOD"s
ROCKERS
    $400 1
William Shakespeare

Elayna
    $400 6
taste buds

Andy
    $400 11
alumni association

Andy
    $400 17
Napoleon

Danny
    $400 26
moderator

Elayna
    $400 12
Roy Orbison

Elayna
    $800 2
(Elayna: Who is Poe?)

Sir Arthur Conan Doyle

Elayna
    $800 7
Canis lupus

Andy
    $800 18
Refugees

Andy
    $800 22
Eiffel Tower

Elayna
    $800 27
modular

Danny
    $800 13
The Rolling Stones

Elayna
    $1200 3
Harriet Beecher Stowe

Elayna
    $1200 8
(Danny: What is K-N-E-I-S-S?)

G-N-E-I-S-S

Danny
Triple Stumper
    $1200 19
(Andy: What is the UAW?)

CIO (Congress of Industrial Organizations)

AndyDanny
    $1200 23
McDonald's

Danny
    $2,000 28
(Danny: What is moderate?)

modest

Danny
    $1200 14
Talking Heads

Elayna
    $1600 4
Budd Schulberg

Triple Stumper
    $1600 9
viscosity

Danny
    $1600 20
(Danny: What are librarians?)
....
(Alex: Be more specific.)

American Library Association

Danny
    $1600 24
(Alex: Back to you, Danny, with a minute to go.)

"Papillon"

Triple Stumper
    $1600 29
modicum

Danny
    $1600 15
Bobby Brown

Triple Stumper
    $2000 5
Virginia Woolf

Andy
    $2000 10
methane

Danny
    $2000 21
tongs

Elayna
    $2000 25
Antoine Lavoisier

Andy
    $2000 30
modus

Danny
    $2000 16
(Danny: Who is Ray Manzarek?)

John Densmore

Danny
Triple Stumper

Scores at the end of the Double Jeopardy! Round:

Andy Danny Elayna
$9,000 $12,200 $6,800

[wagering suggestions for these scores]

Final Jeopardy! Round responses

FILM ROLES
(Alex: I hope none of you wrote down Lawrence of Arabia, because that would be wrong!)
ElaynaWho is Sam Spade
$6,700
AndyWho is Elliot Ness?
$5,000
DannyWho is Nick Charles
$5,801
Philip Marlowe

Final scores:

Andy Danny Elayna
$4,000 $6,399 $100
2nd place: $2,000 New champion: $6,399 3rd place: $1,000

Game dynamics:

Coryat scores:

Andy Danny Elayna
$9,000 $14,200 $7,000
17 R,
5 W
17 R,
5 W
(including 1 DD)
15 R
(including 1 DD),
4 W
(including 1 DD)

Combined Coryat: $30,200

[game clues] [game scores] [suggest correction]

Game tape date: 2003-02-04
The J! Archive is created by fans, for fans. Scraping, republication, monetization, and malicious use prohibited; this site may use cookies and collect identifying information. See terms. The Jeopardy! game show and all elements thereof, including but not limited to copyright and trademark thereto, are the property of Jeopardy Productions, Inc. and are protected under law. This website is not affiliated with, sponsored by, or operated by Jeopardy Productions, Inc. Join the discussion at JBoard.tv.